Statistics for countries and their international names C

Click here to take the quiz!

General Stats

  • This quiz has been taken 21 times
  • The average score is 19 of 36

Answer Stats

Answer% Correct
colombia
100%
canada
90%
canada
90%
china
90%
comoros
80%
croatia
80%
chad
75%
chile
75%
cuba
75%
democratic republic of the congo
75%
DR congo
75%
R congo
75%
cambodia
70%
cape verde
70%
cyprus
70%
cameroon
65%
czechia
65%
czech republic
65%
costa rica
60%
central african republic
55%
central african republic
55%
cote d' ivoire
45%
cote d'ivoire
45%
republic of chad
30%
republic of chile
30%
republic of colombia
30%
republic of croatia
30%
people's republic of china
25%
republic of cameroon
25%
republic of cyprus
25%
republic of costa rica
20%
republic of cuba
20%
republic of congo
15%
republic of cabo verde
5%
union of the comoros
5%
kingdom of cambodia
0%

Score Distribution

Percentile by Number Answered

Percent of People with Each Score

Your Score History

You have not taken this quiz